Online katalóg knižníc regiónu Turca

Mravce sa nedajú (Record no. 21740)

MARC details
000 -LEADER
fixed length control field 01670nam a2200469 a 4500
001 - CONTROL NUMBER
control field 21740
003 - CONTROL NUMBER IDENTIFIER
control field VRT
005 - DATE AND TIME OF LATEST TRANSACTION
control field 20260309112009.0
008 - FIXED-LENGTH DATA ELEMENTS--GENERAL INFORMATION
fixed length control field 160610s2008 xo a b 000 j slo
015 ## - NATIONAL BIBLIOGRAPHY NUMBER
National bibliography number SNBA2008/10-04636
020 ## - INTERNATIONAL STANDARD BOOK NUMBER
International Standard Book Number 9788055118062 (viaz.)
035 ## - SYSTEM CONTROL NUMBER
System control number 6FA32B3E-1EAA-4275-A743-859D2C599B15
035 ## - SYSTEM CONTROL NUMBER
System control number urn:nbn:sk:snk-aml1h6
035 ## - SYSTEM CONTROL NUMBER
System control number urn:nbn:sk:snk-am008n2p
039 #9 - LEVEL OF BIBLIOGRAPHIC CONTROL AND CODING DETAIL [OBSOLETE]
Level of rules in bibliographic description 202303221031
Level of effort used to assign nonsubject heading access points msnk170
Level of effort used to assign subject headings 201606101543
Level of effort used to assign classification VLOAD
Level of effort used to assign subject headings 201309191603
Level of effort used to assign classification csnk01
Level of effort used to assign subject headings 201309191602
Level of effort used to assign classification csnk01
040 ## - CATALOGING SOURCE
Original cataloging agency SNK
Language of cataloging slo
Transcribing agency SNK
Description conventions AACR2
041 1# - LANGUAGE CODE
Language code of text/sound track or separate title slo
Language code of original cze
044 ## - COUNTRY OF PUBLISHING/PRODUCING ENTITY CODE
MARC country code xo
ISO country code SK
072 #7 - SUBJECT CATEGORY CODE
Subject category code 821.162.3
Subject category code subdivision Česká literatúra
Source konspekt
072 #7 - SUBJECT CATEGORY CODE
Subject category code 821-93
Subject category code subdivision Literatúra pre deti a mládež
Source konspekt
080 ## - UNIVERSAL DECIMAL CLASSIFICATION NUMBER
Universal Decimal Classification number 821.162.3-34
Edition identifier 2001
080 ## - UNIVERSAL DECIMAL CLASSIFICATION NUMBER
Universal Decimal Classification number 821-93
Edition identifier 2001
100 1# - MAIN ENTRY--PERSONAL NAME
Personal name Sekora, Ondřej,
Dates associated with a name 1899-1967
Relationship ill
240 10 - UNIFORM TITLE
Uniform title Mravenci se nedají
Language of a work Slovensky
245 10 - TITLE STATEMENT
Title Mravce sa nedajú
Statement of responsibility, etc. napísal a nakreslil Ondřej Sekora ; [z českého originálu preložila Hana Zelinová]
250 ## - EDITION STATEMENT
Edition statement 1. vyd.
260 ## - PUBLICATION, DISTRIBUTION, ETC.
Place of publication, distribution, etc. Bratislava
Name of publisher, distributor, etc. Ikar
Date of publication, distribution, etc. 2008
500 ## - GENERAL NOTE
General note Celkovo 2. vyd.
655 #7 - INDEX TERM--GENRE/FORM
Genre/form data or focus term české rozprávky
Source of term SNKPH
655 #7 - INDEX TERM--GENRE/FORM
Genre/form data or focus term autorské rozprávky
Source of term SNKPH
655 #7 - INDEX TERM--GENRE/FORM
Genre/form data or focus term publikácie pre deti
Source of term SNKPH
700 1# - ADDED ENTRY--PERSONAL NAME
Personal name Zelinová, Hana,
Dates associated with a name 1914-2004
Relationship trl
910 ## - USER-OPTION DATA (OCLC)
User-option data snk
910 ## - USER-OPTION DATA (OCLC)
User-option data savuk
942 ## - ADDED ENTRY ELEMENTS (KOHA)
Source of classification or shelving scheme Dewey Decimal Classification
Koha item type Krásna literatúra pre deti
Suppress in OPAC No
949 ## - LOCAL PROCESSING INFORMATION (OCLC)
6 273K0500305
a svkpoB 80757
b svkpo510912
949 ## - LOCAL PROCESSING INFORMATION (OCLC)
6 270001000328825
a svkbbB 41542
b svkbbm 692385
o TL;
949 ## - LOCAL PROCESSING INFORMATION (OCLC)
6 2889148687
a savukPV 12509
b savuk2009/2676
949 ## - LOCAL PROCESSING INFORMATION (OCLC)
6 17A0598968
a snkSC 132981
b snk2008/17215
o 1870/08
s 6100:20151111
949 ## - LOCAL PROCESSING INFORMATION (OCLC)
6 17A0598967
a snkSC 132981 D1
b snk2008/17216
o 1870/08
980 ## - EQUIVALENCE OR CROSS-REFERENCE-SERIES STATEMENT--PERSONAL NAME/TITLE [LOCAL, CANADA]
Personal name 821.162.3-34
Holdings
Stav vyradenia Strata Poškodenie Spôsob nadobudnutia Domovská knižnica Aktuálna knižnica Dátum nadobudnutia Total checkouts Čiarový kód exemplára Date last seen Typ exemplára
      Dar Obecná knižnica Turčianska Štiavnička Obecná knižnica Turčianska Štiavnička 09.03.2026   4738000345 09.03.2026 Krásna literatúra pre deti
Projekt je podporený Slovenskou asociáciou knižníc
Prevádzkuje Turčianska knižnica Martin 2026